| 000 | 00657nam a2200181Ia 4500 | ||
|---|---|---|---|
| 008 | 090630s9999 xx 000 0 und d | ||
| 082 | _b25781 | ||
| 100 | _aदोडे अरविंद. | ||
| 245 |
_aकाश्मिरची महाराणी. _cदोडे अरविंद. |
||
| 260 |
_bपारस - कोल्हापूर. _c2006 |
||
| 300 | _a207 | ||
| 600 | _aदोडे अरविंद. | ||
| 630 | _aकाश्मिरची महाराणी. | ||
| 655 | _aचरित्र. | ||
| 700 | _aदोडे अरविंद. | ||
| 730 | _aकाश्मिरची महाराणी. | ||
| 942 | _cBOOK | ||
| 999 |
_c277637 _d277637 |
||